AFC Bournemouth Squad 2017-2018 - Statistics

General Stats
  • This quiz has been taken 9 times
  • The average score is 15 of 29
Answer Stats
# Position Nation Player % Correct
15 DF England Adam Smith
100%
17 FW Norway Joshua King
100%
5 DF Netherlands Nathan Aké
100%
1 GK Poland Artur Boruc
83%
27 GK Bosnia and Herzegovina Asmir Begović
83%
14 DF Australia Brad Smith
83%
13 FW England Callum Wilson
83%
- Coach England Eddie Howe
83%
16 MF England Lewis Cook
83%
24 FW Scotland Ryan Fraser
83%
3 DF England Steve Cook
83%
31 FW France Lys Mousset
67%
2 DF England Simon Francis
67%
9 FW DR Congo Benik Afobe
50%
11 DF England Charlie Daniels
50%
8 MF Ireland Harry Arter
50%
19 FW England Junior Stanislas
50%
12 GK England Aaron Ramsdale
33%
6 MF England Andrew Surman
33%
4 MF England Dan Gosling
33%
26 DF England Tyrone Mings
33%
32 GK Australia Adam Federici
17%
18 FW England Jermain Defoe
17%
33 FW England Jordon Ibe
17%
7 FW England Marc Pugh
17%
23 FW England Connor Mahoney
0%
22 MF United States Emerson Hyndman
0%
42 DF England Jack Simpson
0%
29 DF Wales Rhoys Wiggins
0%
No matching quizzes found
Score Distribution
Percent of People with Each Score
Percentile by Number Answered
Your Score History
You have not taken this quiz